[Event "GER-ch U08"]
[Site "Willingen"]
[Date "2023.06.01"]
[Round "4"]
[White "Schubert, Ben"]
[Black "Frerich, Theo"]
[Result "1/2-1/2"]
[WhiteElo "1049"]
[BlackElo "1073"]
[PlyCount "158"]
[EventDate "2023.05.30"]
[EventType "swiss"]
[EventRounds "7"]
[EventCountry "GER"]
[SourceTitle "CBM 214 Extra"]
[Source "ChessBase"]
[SourceDate "2023.07.31"]
[SourceVersion "1"]
[SourceVersionDate "2023.07.31"]
[SourceQuality "1"]

1. e4 e5 2. d3 Nc6 3. f4 d6 4. Nf3 Nf6 5. Be3 g6 6. Nc3 Bg7 7. g3 Bg4 8. Be2 Qd7 9. Qd2 0-0-0 10. Z0 Kb8 11. Z0 Rc8 12. 0-0-0 Rhe8 13. Rhf1 Bxf3 14. Bxf3 Nd4 15. Ne2 Nxf3 16. Rxf3 Qg4 17. Rdf1 Qe6 18. Qa5 a6 19. Qc3 Qxa2 20. b3 Qa3+ 21. Kd2 d5 22. exd5 Nxd5 23. Qc4 Qa5+ 24. c3 Qa2+ 25. Ke1 Nxe3 26. Rxe3 Qb1+ 27. Kf2 Qa2 28. Qxf7 Rg8 29. Qd5 exf4 30. gxf4 Bxc3 31. d4 Ba5 32. Kf3 Bd2 33. Rd3 Ba5 34. Nc1 Qa3 35. Ne2 Bb6 36. Qc4 g5 37. Rfd1 g4+ 38. Kf2 h5 39. Qd5 h4 40. Qh5 g3+ 41. hxg3 hxg3+ 42. Nxg3 Qb2+ 43. Qe2 Qxe2+ 44. Kxe2 Rce8+ 45. Kf3 c6 46. Nh5 Rh8 47. Nf6 Rh3+ 48. Kg4 Rxd3 49. Rxd3 Rf8 50. Nd7+ Kc7 51. Nxf8 Kd6 52. Kf3 Ke7 53. Ng6+ Kf6 54. Nh4 Bc7 55. Ke4 Ke6 56. f5+ Kf6 57. Rg3 Bxg3 58. Nf3 b5 59. Nd2 a5 60. Kf3 Bd6 61. Ne4+ Ke7 62. f6+ Kd7 63. f7 Ke7 64. f8Q+ Kxf8 65. Nxd6 a4 66. bxa4 bxa4 67. Nc4 Ke7 68. Ke4 Ke6 69. Kd3 Kd5 70. Kc3 c5 71. Nb6+ Ke6 72. d5+ Ke5 73. Kc4 Kd6 74. Nxa4 Kd7 75. Kxc5 Kc8 76. Kc6 Kd8 77. d6 Kc8 78. d7+ Kd8 79. Kc5 Kxd7 1/2-1/2